Embedded systems : (Record no. 599)

MARC details
000 -LEADER
fixed length control field 00706nam a22002177a 4500
005 - DATE AND TIME OF LATEST TRANSACTION
control field 20250420134817.0
008 - FIXED-LENGTH DATA ELEMENTS--GENERAL INFORMATION
fixed length control field 200812b ||||| |||| 00| 0 eng d
020 ## - INTERNATIONAL STANDARD BOOK NUMBER
International Standard Book Number 9781466468863
040 ## - CATALOGING SOURCE
Transcribing agency KCST
082 ## - DEWEY DECIMAL CLASSIFICATION NUMBER
Classification number 004.16
Item number Va
100 ## - MAIN ENTRY--PERSONAL NAME
Personal name Valvano, Jonathan W.
9 (RLIN) 5045
245 ## - TITLE STATEMENT
Title Embedded systems :
Remainder of title real-time operating systems for the ARM® Cortex™-M microcontrollers : Volume 3 /
Statement of responsibility, etc. Jonathan W. Valvano
250 ## - EDITION STATEMENT
Edition statement 4th edition
Remainder of edition statement vol. 3
260 ## - PUBLICATION, DISTRIBUTION, ETC.
Place of publication, distribution, etc. [not identified]
Name of publisher, distributor, etc. Jonathan W. Volvano
Date of publication, distribution, etc. 2017.
650 ## - SUBJECT ADDED ENTRY--TOPICAL TERM
Topical term or geographic name entry element Embedded computer systems.
9 (RLIN) 515
Source of heading or term Textbooks
650 ## - SUBJECT ADDED ENTRY--TOPICAL TERM
Topical term or geographic name entry element Microprocessors.
9 (RLIN) 5046
650 ## - SUBJECT ADDED ENTRY--TOPICAL TERM
Topical term or geographic name entry element Computer interfaces.
9 (RLIN) 5047
655 ## - INDEX TERM--GENRE/FORM
Genre/form data or focus term Textbooks
9 (RLIN) 4782
942 ## - ADDED ENTRY ELEMENTS (KOHA)
Koha item type Book
942 ## - ADDED ENTRY ELEMENTS (KOHA)
Source of classification or shelving scheme Dewey Decimal Classification
Holdings
Withdrawn status Lost status Source of classification or shelving scheme Damaged status Not for loan Home library Current library Date acquired Cost, normal purchase price Total checkouts Total renewals Full call number Barcode Date last seen Date last checked out Price effective from Koha item type
    Dewey Decimal Classification     KCST Library KCST Library 12/08/2020 16.88 1 1 004.16 Va 1000000465 18/08/2021 14/03/2021 12/08/2020 Course Textbook
© 2025 KCST. All rights reserved